000 00787nam a2200241 4500
003 LK-CoMWRAF
005 20231211104302.0
008 231211b1995 |||||||| |||| 00| 0 eng d
020 _a9559052446
040 _aLK-CoMWRAF
_dLK-CoMWRAF
_eLK-CoMWRAF
041 _aeng
082 _a341.75
_bJAY
100 _aJayaweera, Swarna
245 _aAddressing poverty reduction and women in development through human resource development
260 _a[Colombo];
_bCentre for Women's Research,
_c1995
300 _a135, [49] p. ; 26 cm.
_bBibliography included
490 _aStudy series
_v9
650 _aEconomic assistance, Domestic Sri Lanka
650 _aPoverty Government policy Sri Lanka
650 _aWomen in development Sri Lanka
700 _aSanmugam, Thana
942 _cBK
999 _c4341
_d4341